| 000 | 00551nam a2200217 454500 | ||
|---|---|---|---|
| 001 | 062347 | ||
| 003 | BD-ChCU | ||
| 008 | Eng | ||
| 020 | _a81309044381 | ||
| 040 |
_aDLC _cDLC _dBD-ChCU |
||
| 082 | 0 | 0 | _a327.09/M479w |
| 100 | 1 |
_aMcwilliams, wayne C _bPiotrowski, Harry |
|
| 245 | 1 | 0 |
_aThe world since 1945 _ba history of interntional relations |
| 250 | _ax | ||
| 260 |
_aNew Delhi _bViva Books _c2006 |
||
| 300 | _axi,618 | ||
| 504 | _aIncludes | ||
| 650 | 0 |
_aInternational realations _bWorld history |
|
| 700 | 1 | _ax | |
| 942 |
_2ddc _cBK |
||
| 999 |
_c62347 _d62347 |
||